| 000 | 00822nam a2200241 a 4500 | ||
|---|---|---|---|
| 005 | 20231011193711.0 | ||
| 008 | 041015s2003 mx r 000 0 spa d | ||
| 020 | _a9706690514 | ||
| 035 | _aUPN01000138654 | ||
| 040 |
_aMX-MxUPN _bspa |
||
| 050 | 4 |
_aHD58 _bG37 2003 |
|
| 100 | 1 |
_aGarrocho Rangel, Carlos _938084 |
|
| 100 | 1 |
_aChávez Soto, Tania Lilia _950246 |
|
| 100 | 1 |
_aÁlvarez Lobato, José Antonio _950248 |
|
| 245 | 1 | 3 | _aLa dimensión espacial de la competencia comercial |
| 250 | _aPrimera edición | ||
| 260 |
_aZinacantepec, México : _bEl Colegio Mexiquense : _bUniversidad Autónoma del Estado de México, _c2003. |
||
| 300 |
_a200 páginas : _bgráficos, mapas |
||
| 650 | 0 |
_950250 _aLocalización industrial |
|
| 902 | _bVíctorGodínez/111023 | ||
| 942 |
_cLIBRO _2lcc |
||
| 999 |
_c110802 _d110802 |
||